Connaissez vous la famille royale anglaise ? - Version Difficile - Statistiques

Statistiques générales
  • Ce quiz a été pris 391 fois
  • Le résultat moyen est 33 sur 45
Statistiques - réponses
Nom % Correct
Mère de la dernière reine Elizabeth
98%
Mère du roi actuel Ancienne Reine Elizabeth II
98%
Enfants de l'Héritier au trône George
96%
Père de la dernière reine Ancien Roi George VI
96%
Fils de la dernière reine Roi Actuel Charles III
94%
Ex Femme du roi actuel Mère de l'Héritier au trône Lady Diana
94%
Mari de la dernière reine Ancien Prince Consort Philip
94%
Femme du roi actuel Camilla
92%
Fils du roi actuel Harry
92%
Belles filles du roi actuel Kate Middleton
92%
Sœur de la dernière reine Margaret
92%
Fils du roi actuel Héritier au trône William
92%
Belles filles du roi actuel Meghan Markle
91%
Frères et sœurs du roi actuel Anne
90%
Enfants de l'Héritier au trône Charlotte
90%
Frères et sœurs du roi actuel Andrew
89%
Frères et sœurs du roi actuel Edward
89%
Enfants de l'Héritier au trône Louis
89%
Autres Petits Enfants du roi actuel Lilibet
85%
Autres Petits Enfants du roi actuel Archie
84%
Neveux et nièces du roi actuel Eugénie d'York
79%
Neveux et nièces du roi actuel Béatrice d'York
78%
Maris et Femmes des neveux et nièces du roi actuel Edoardo Mapelli Mozzi
77%
Neveux et nièces du roi actuel Zara Phillips
77%
Oncle de la dernière reine Ancien roi ayant démissionné Édouard VIII
74%
Neveux et nièces du roi actuel James Mountbatten-Windsor
72%
Neveux et nièces du roi actuel Louise Mountbatten-Windsor
72%
Neveux et nièces du roi actuel Peter Phillips
70%
Nièce de l'ancienne reine Sarah Armstrong Jones
70%
Autres Ex Beaux Frères/ Ex Belles Sœurs du roi actuel Sarah Ferguson
70%
Autres Beaux Frères / Belles Sœurs du roi actuel Sophie
68%
Autres Ex Beaux Frères/ Ex Belles Sœurs du roi actuel Mark Phillips
57%
Autres Arrières Petits Enfants de l'ancienne reine Mia Tindall
56%
Maris et Femmes des neveux et nièces du roi actuel Mike Tindall
50%
Autres Arrières Petits Enfants de l'ancienne reine Savannah Phillips
49%
Autres Beaux Frères / Belles Sœurs du roi actuel Timothy Laurence
49%
Autres Arrières Petits Enfants de l'ancienne reine Isla Phillips
48%
Autres Arrières Petits Enfants de l'ancienne reine Lucas Tindall
48%
Autres Arrières Petits Enfants de l'ancienne reine Lena Tindall
46%
Neveu d'e l'ancienne reine David Armstrong Jones
43%
Autres Arrières Petits Enfants de l'ancienne reine August Brooksbank
40%
Autres Arrières Petits Enfants de l'ancienne reine Sienna Mapelli Mozzi
40%
Maris et Femmes des neveux et nièces du roi actuel Autumn Kelly
38%
Maris et Femmes des neveux et nièces du roi actuel Jack Brooksband
38%
Beau Frère de la dernière reine Antony Armstrong Jones
36%
Aucun quiz correspondant
Distribution des résultats
% des personnes avec chaque résultat
Percentile par nombre de réponses
Votre historique - résultats
Vous n’avez pas pris ce quiz